[Event "World Blitz Final"]
[Site "Astana KAZ"]
[Date "2012.07.09"]
[Round "13"]
[White "Andreikin,D"]
[Black "Morozevich,A"]
[Result "1/2-1/2"]
[WhiteElo "2700"]
[BlackElo "2770"]

1.Nf3 d5 2.g3 c6 3.Bg2 Bg4 4.c4 e6 5.Qb3 Qb6 6.O-O Nd7 7.d4 Ngf6 8.Nc3 Be7
9.h3 Bh5 10.g4 Bg6 11.Ne5 Nxe5 12.dxe5 Nd7 13.cxd5 Qxb3 14.axb3 exd5 15.e4 dxe4
16.Nxe4 Nxe5 17.Bf4 Nd3 18.Bc7 O-O 19.Rfd1 Bxe4 20.Bxe4 Nc5 21.Bc2 g6 22.b4 Ne6
23.Rd7 Bxb4 24.Bg3 Nc5 25.Rc7 Rad8 26.Bf4 a5 27.Be3 Rd7 28.Rxd7 Nxd7 29.Rd1 Nf6
30.Bb3 Re8 31.g5 Nd5 32.Bxd5 cxd5 33.Rxd5 Kf8 34.Bd4 Re6 35.Bf6 Be7 36.Bxe7+ Kxe7
37.Rxa5 Rb6 38.Re5+ Kd6 39.Re2 Rb3 40.Kg2 b5 41.h4 b4 42.Rd2+ Ke6 43.Re2+ Kd6
44.Rd2+ Ke7 45.Re2+ Kf8 46.f3 Kg7 47.Kg3 h5 48.Rd2 Kf8 49.Re2 Rd3 50.Re4 Rb3
51.Re2  1/2-1/2

[Event "FSIM July 2012"]
[Site "Budapest HUN"]
[Date "2012.07.09"]
[Round "3.4"]
[White "Bub,V"]
[Black "Zhu,Yanshen"]
[Result "0-1"]
[WhiteElo "2153"]
[BlackElo "2179"]

1.Nf3 d5 2.g3 c5 3.Bg2 Nc6 4.O-O e5 5.d3 Bd6 6.e4 d4 7.Nbd2 Nge7 8.Nc4 Bc7
9.a4 a6 10.Ne1 Be6 11.f4 f6 12.fxe5 Nxe5 13.Nxe5 Bxe5 14.Bh3 Bxh3 15.Qh5+ Ng6
16.Qxh3 Qc8 17.Qh5 O-O 18.g4 Qc7 19.Rf3 Nf4 20.Bxf4 Bxf4 21.Qd5+ Kh8 22.Rh3 g6
23.Ng2 Rad8 24.Qc4 Bd6 25.Nh4 Kg7 26.Kh1 Rde8 27.Rg1 Qc6 28.Nf3 b5 29.axb5 axb5
30.Nxd4 Qxe4+ 31.dxe4 bxc4 32.Nb5 Be5 33.Ra1 Rb8 34.Ra5 Rb7 35.b3 cxb3 36.Rxb3 c4
37.Rba3 Rd8 38.c3 Rd1+ 39.Kg2 Rd2+ 40.Kf1 Rxh2 41.R3a4 Rd7 42.Ra7 Rxa7 43.Nxa7 Bxc3
44.Rxc4 Be5 45.Nc6 Bb2 46.Nd8 Be5 47.Nc6 Kh6 48.Nxe5 fxe5 49.Rc5 Kg5 50.Rxe5+ Kxg4
51.Re7 h5 52.Rf7 Ra2 53.Rf6 Kg5 54.Rf3 Ra4 55.Rg3+ Kf6 56.Re3 Ke5 57.Rg3 Ra6
58.Re3 Kf4 59.Re2 Re6 60.Kg2 Rxe4 61.Rf2+ Kg4 62.Ra2 h4 63.Kh2 g5 64.Rb2 Kf3
65.Rb3+ Re3 66.Rb5 g4 67.Rb1 Re2+ 68.Kh1 g3 69.Rb3+ Kf2 70.Rb2 g2+  0-1

[Event "5th Int ch-Central Serbia 2012"]
[Site "Paracin SRB"]
[Date "2012.07.09"]
[Round "4.16"]
[White "Arsovic,Z"]
[Black "Kacakovski,D"]
[Result "1/2-1/2"]
[WhiteElo "2443"]
[BlackElo "2122"]

1.Nf3 d5 2.g3 c5 3.Bg2 Nf6 4.O-O Nc6 5.d4 cxd4 6.Nxd4 e5 7.Nxc6 bxc6 8.c4 Be6
9.Qa4 Qd7 10.Nc3 Rc8 11.cxd5 cxd5 12.Qxd7+ Kxd7 13.Rd1 Bc5 14.Bg5 Ng4 15.e3 h6
16.h3 Nxf2 17.Kxf2 hxg5 18.Bxd5 Bxd5 19.Nxd5 Ke6 20.Kg2  1/2-1/2

[Event "World Blitz Final"]
[Site "Astana KAZ"]
[Date "2012.07.10"]
[Round "17"]
[White "Mamedyarov,S"]
[Black "Morozevich,A"]
[Result "1/2-1/2"]
[WhiteElo "2726"]
[BlackElo "2770"]

1.Nf3 d5 2.g3 c6 3.Bg2 Bg4 4.O-O e6 5.d4 Nf6 6.Nbd2 Be7 7.Re1 O-O 8.e4 a5
9.c3 a4 10.a3 Bh5 11.e5 Nfd7 12.h3 b5 13.Nf1 c5 14.dxc5 Nxc5 15.g4 Bg6 16.Nd4 Qb6
17.Be3 Nc6 18.f4 Be4 19.Bxe4 dxe4 20.Qc2 Na5 21.Re2 Nc4 22.Bf2 Nd3 23.Rxe4 Nxf2
24.Qxf2 Bc5 25.Rae1 Rad8 26.f5 Rd5 27.Ne3 Rxd4 28.cxd4 Bxd4 29.Rxd4 Qxd4
30.Nxc4 Qxc4 31.f6 Rd8 32.fxg7 Qd4 33.Re2 Qxf2+ 34.Kxf2 Kxg7 35.Ke3 Rd1 36.Kf4 Rf1+
37.Kg3 Kg6 38.Re4 Rg1+ 39.Kf4 Rf1+ 40.Kg3 Rg1+ 41.Kf4  1/2-1/2

[Event "World Blitz Final"]
[Site "Astana KAZ"]
[Date "2012.07.10"]
[Round "20"]
[White "Le Quang Liem"]
[Black "Karjakin,Sergey"]
[Result "1/2-1/2"]
[WhiteElo "2693"]
[BlackElo "2779"]

1.Nf3 d5 2.g3 c6 3.Bg2 Bg4 4.O-O Nd7 5.d4 Ngf6 6.Nbd2 e6 7.Re1 Be7 8.c3 O-O
9.e4 dxe4 10.Nxe4 Nxe4 11.Rxe4 Bxf3 12.Bxf3 Bg5 13.Qb3 Bxc1 14.Rxc1 Rb8 15.h4 Nf6
16.Ree1 Qa5 17.Re5 Qc7 18.Kg2 Rfd8 19.a4 Ne8 20.Rce1 Nd6 21.h5 h6 22.Qc2 Nc4
23.Rc5 Nb6 24.Rce5 Nc4 25.R5e2 b5 26.b3 Nd6 27.Re5 Nc8 28.Rc5 Ne7 29.axb5 Rxb5
30.Rc4 a5 31.Ra4 Qb6 32.Ra3 Nd5 33.Be2 Qc7 34.Bxb5 cxb5 35.c4  1/2-1/2

[Event "World Blitz Final"]
[Site "Astana KAZ"]
[Date "2012.07.10"]
[Round "22"]
[White "Radjabov,T"]
[Black "Karjakin,Sergey"]
[Result "0-1"]
[WhiteElo "2788"]
[BlackElo "2779"]

1.Nf3 d5 2.g3 c6 3.Bg2 Bg4 4.c4 e6 5.O-O Nd7 6.cxd5 exd5 7.h3 Bh5 8.d3 Ngf6
9.Nc3 Be7 10.Qb3 Nc5 11.Qc2 O-O 12.Nd4 Ne6 13.Be3 Nxd4 14.Bxd4 Nd7 15.f4 f6
16.Kh2 Bf7 17.Rad1 c5 18.Bf2 d4 19.Ne4 Re8 20.e3 dxe3 21.Bxe3 Bf8 22.Rfe1 Rc8
23.Bf2 b5 24.b3 Qa5 25.Bf3 Qa6 26.Kg2 Bd5 27.g4 Qb7 28.Bg3 Kh8 29.Re3 Nb6
30.Qf2 c4 31.Qe2 c3 32.Qc2 b4 33.Rde1 Bc6 34.R3e2 Qd7 35.f5 Rcd8 36.Re3 Nd5
37.R3e2 Nc7 38.a4 bxa3 39.Bxc7 Qxc7 40.Qxc3 Qb6 41.g5 Bb4 42.Qa1 Qd4 43.Qxd4 Rxd4
44.Rc1 Bxe4 45.Bxe4 fxg5 46.Rc7 a5 47.f6 gxf6 48.Rf2 Re7 49.Rc6 Rd6 50.Rc4 Kg7
51.h4 h6 52.Kh3 h5 53.hxg5 fxg5 54.Kg3 Rf6 55.Rh2 Bd6+ 56.Kg2 Bxh2 57.Kxh2 a2
58.Ra4 Rf2+ 59.Kg3 Rb2 60.Rxa5 Rc7 61.Rxg5+ Kf6 62.Rf5+ Ke6 63.Ra5 Rc1 64.Kh4 a1=Q
65.Rxa1 Rxa1 66.Kxh5 Ke5 67.Kg6 Rxb3 68.Kf7 Kd4 69.Ke6 Rxd3  0-1

[Event "34th Oberwart Open A"]
[Site "Oberwart AUT"]
[Date "2012.07.10"]
[Round "4.26"]
[White "Seifert,Mi"]
[Black "Uksini,Bardhyl"]
[Result "0-1"]
[WhiteElo "2159"]
[BlackElo "1890"]

1.Nf3 d5 2.g3 Nf6 3.Bg2 Bf5 4.d3 e6 5.O-O Bd6 6.Nbd2 Nbd7 7.Re1 c6 8.b3 O-O
9.Bb2 e5 10.e4 Bg4 11.h3 Bxf3 12.Qxf3 d4 13.Rf1 b5 14.Qe2 c5 15.f4 Qc7 16.f5 Nb6
17.Nf3 Rac8 18.Rf2 c4 19.Bc1 cxd3 20.cxd3 a5 21.Bg5 Nfd7 22.f6 gxf6 23.Bh6 Kh8
24.Bxf8 Rxf8 25.Nh4 Qc3 26.Rd1 Rg8 27.Kh2 a4 28.bxa4 Nxa4 29.Nf5 Bf8 30.Bf3 Qa3
31.Qc2 Nc3 32.Rdf1 Nc5 33.Bh5 Qa7 34.Rg2 b4 35.Qd2 Qa6 36.Bxf7 N3xe4 37.dxe4 Qxf1
38.Bxg8 Nxe4 39.Qe2 Qxf5 40.Bb3 Nc5 41.Rf2 Qg6 42.Bd5 Bd6 43.Qf3 Kg7 44.Re2 f5  0-1

[Event "5th Int ch-Central Serbia 2012"]
[Site "Paracin SRB"]
[Date "2012.07.10"]
[Round "6.9"]
[White "Bogdanovski,V"]
[Black "Matsenko,S"]
[Result "1/2-1/2"]
[WhiteElo "2454"]
[BlackElo "2460"]

1.Nf3 d5 2.g3 Nf6 3.Bg2 c6 4.O-O Bf5 5.d3 e6 6.c4 h6 7.cxd5 exd5 8.Nc3 Be7
9.Be3 O-O 10.Qb3 Bc8 11.a3 Nbd7 12.Qc2 a5 13.Na4 Re8 14.Rfe1 Bd6 15.Bd4 Qc7
16.Rac1 Ra6 17.e4 dxe4 18.dxe4 b5 19.Nc5 Nxc5 20.Bxc5 Bxc5 21.Qxc5 Nxe4 22.Qxb5 Qa7
23.Qe2 c5 24.Nd2 Nf6 25.Qxe8+ Nxe8 26.Rxe8+ Kh7 27.Rxc8 Qd7 28.R8xc5 Qxd2
29.R1c2 Qe1+ 30.Bf1 Rd6 31.Rc1 Qd2 32.R1c2 Qe1  1/2-1/2

[Event "ch-NOR 2012"]
[Site "Sandefjord NOR"]
[Date "2012.07.10"]
[Round "5.8"]
[White "Arvola,B"]
[Black "Thanke,B"]
[Result "1-0"]
[WhiteElo "2279"]
[BlackElo "2176"]

1.Nf3 d5 2.g3 g6 3.Bg2 Bg7 4.d4 c6 5.O-O Nd7 6.c4 dxc4 7.a4 a5 8.Nbd2 Nb6
9.b3 c3 10.Nc4 Be6 11.Qd3 Nf6 12.Qxc3 Bd5 13.Bf4 Ne4 14.Qd3 O-O 15.Ne3 Nd6
16.Nxd5 Nxd5 17.Bd2 e6 18.Ne5 Nb4 19.Qc3 Rc8 20.Rad1 Nf5 21.Qb2 Ne7 22.e3 Ned5
23.e4 Ne7 24.Be3 Qc7 25.Bf4 g5 26.Be3 h6 27.Qe2 c5 28.Nc4 cxd4 29.Bxd4 Bxd4
30.Rxd4 Rfd8 31.Rfd1 Rxd4 32.Rxd4 Rd8 33.Qd2 Rxd4 34.Qxd4 Nbc6 35.Qd2 Ng6
36.Bf1 Nge5 37.Qd6 Nf3+ 38.Kg2 Qxd6 39.Nxd6 Nd2 40.Bc4 Nxc4 41.bxc4 Nd8 42.e5 Kf8
43.Kf3 Ke7 44.Kg4 f6 45.Kh5 f5 46.f4 g4 47.Kxh6 Kd7 48.Kg7 b6 49.Kf6 Nc6
50.Nb5 Nb4 51.Nd4 Nd3 52.Nxe6 Nb2 53.Nd4 Nxa4 54.e6+ Ke8 55.Nxf5  1-0

[Event "7th Wroclaw Open A"]
[Site "Wroclaw POL"]
[Date "2012.07.10"]
[Round "9.21"]
[White "Hetzer,V"]
[Black "Dadello,Al"]
[Result "1/2-1/2"]
[WhiteElo "2010"]
[BlackElo "1860"]

1.Nf3 d5 2.g3 Nf6 3.Bg2 g6 4.O-O Bg7 5.d4 O-O 6.c4 dxc4 7.Nc3 c6 8.Ne5 Be6
9.e4 Nbd7 10.f4 Qb6 11.Kh1 Rad8 12.Nf3 Bg4 13.h3 Bxf3 14.Qxf3 Ne8 15.e5 Nc7
16.Rf2 e6 17.Be3 Nd5 18.Ne4 f6 19.exf6 N7xf6 20.Nc5 Rfe8 21.Bf1 Nxe3 22.Qxe3 Ng4
23.hxg4 Bxd4 24.Qe2 Qxc5 25.Rh2 b5 26.Qc2 Bg7 27.a4 Qd5+ 28.Bg2 Qc5 29.axb5 cxb5
30.Be4 Rd4 31.Rxh7 Kxh7 32.Bxg6+ Kg8 33.Bxe8 Qd5+ 34.Qg2 Qxg2+ 35.Kxg2 Rd2+
36.Kf3 Bxb2 37.Rxa7 c3 38.Bg6 b4 39.Rb7 Ba3 40.Rc7 Bb2 41.Rb7 c2 42.Bxc2 Rxc2
43.Rxb4 Rc3+ 44.Kg2 Ba3 45.Re4 Kf7 46.f5  1/2-1/2

[Event "16th Godesburg Open"]
[Site "Bad Godesberg GER"]
[Date "2012.07.11"]
[Round "5.1"]
[White "Rotstein,A"]
[Black "Rausis,I"]
[Result "1/2-1/2"]
[WhiteElo "2510"]
[BlackElo "2496"]

1.Nf3 d5 2.g3 Bg4 3.Bg2 c6 4.O-O Nd7 5.d3 e6 6.h3 Bh5 7.e4 Bd6 8.Nc3 Ne7
9.Ne2 f6 10.exd5 cxd5 11.Nfd4 Bf7 12.c4 O-O 13.Nc3 Be5  1/2-1/2

[Event "Werner-Ott-Open 2012"]
[Site "Berlin GER"]
[Date "2012.07.11"]
[Round "5.10"]
[White "Kohler,T"]
[Black "Schulz,Har"]
[Result "1/2-1/2"]
[WhiteElo "2244"]
[BlackElo "2090"]

1.Nf3 d5 2.g3 Bf5 3.Bg2 e6 4.O-O Nf6 5.d3 Be7 6.c4 c6 7.Be3 Na6 8.Qb3 Qc8
9.cxd5 exd5 10.Nc3 Nc5 11.Qc2 O-O 12.b4 Ne6 13.Qb3 Rd8 14.Nd4 Nxd4 15.Bxd4 Bh3
16.Rac1 Bxg2 17.Kxg2 Qg4  1/2-1/2

[Event "5th Int ch-Central Serbia 2012"]
[Site "Paracin SRB"]
[Date "2012.07.11"]
[Round "7.20"]
[White "Brankovic,De"]
[Black "Ratkovic,Milov"]
[Result "1/2-1/2"]
[WhiteElo "2349"]
[BlackElo "2214"]

1.Nf3 d5 2.g3 Nf6 3.Bg2 Nc6 4.c4 d4 5.d3 e5 6.O-O Be7 7.b4 Bxb4 8.Nxe5 Nxe5
9.Qa4+ Nfd7 10.Qxb4 c5 11.Qa3 O-O 12.Nd2 Qe7 13.Ne4 h6 14.Nd2 Nc6 15.Re1 Nde5
16.Qb3 Bf5 17.Ba3 Rac8 18.Ne4 b6 19.Nd2 Na5 20.Qc2  1/2-1/2

[Event "2nd Polugaevsky Mem"]
[Site "Samara RUS"]
[Date "2012.07.11"]
[Round "7.19"]
[White "Virovlansky,S"]
[Black "Travkina,A"]
[Result "1/2-1/2"]
[WhiteElo "2471"]
[BlackElo "2169"]

1.Nf3 d5 2.g3 Nf6 3.Bg2 Bf5 4.c4 c6 5.O-O e6 6.d3 h6 7.Qb3 Qb6 8.Nc3 Be7
9.cxd5 exd5 10.Qxb6 axb6 11.e4 dxe4 12.Nd4 Bh7 13.dxe4 Nbd7 14.Bf4 g5 15.Bd2 Rd8
16.Nb3 Nc5 17.Be3 Ng4 18.Bxc5 bxc5 19.Na5 Rd2 20.Rab1 O-O 21.h3 Nf6 22.Rfd1 Rd4
23.Rbc1 Rb8 24.Nb3 Rdd8 25.e5 Nd7 26.f4 gxf4 27.gxf4 Nf8 28.Ne4 Ng6 29.Rf1 b6
30.a4 Nh4 31.Bh1 Rd3 32.Rc3 c4 33.Nbd2 b5 34.axb5 cxb5 35.Rxd3 cxd3 36.Rc1 Ng6
37.Rf1 Rc8 38.Nc3 Bc5+ 39.Kh2 Be3 40.Nde4 Bxf4+ 41.Kg1 Bxe5 42.Nd5 Rc2 43.Nef6+ Kh8
44.Be4 Nf4 45.Nxf4 Bxf6 46.Bxh7 Bd4+ 47.Kh1 Kxh7 48.Nxd3 Kg8 49.Rf4 Bxb2
50.Rb4 Bf6 51.Rxb5 Bg5 52.Rb2 Rc3 53.Nf2 Kg7 54.Kg2 f5 55.Rb7+ Kg6 56.Rd7 Re3
57.Rd3 Re2 58.Kf3 Ra2 59.Rd6+ Kh5 60.Rd5 f4 61.Nd3 Ra3 62.Kg2 Kh4 63.Rd4 Ra2+
64.Kf3 Kxh3 65.Nxf4+ Bxf4 66.Rxf4 h5 67.Rf8 Rg2 68.Rh8 Rg3+ 69.Kf2 Rg5 70.Rf8 Kh2
71.Rf7 h4 72.Rf8 h3 73.Rf7 Ra5 74.Rf8 Ra2+ 75.Kf1 Kh1 76.Rf7 Ra8 77.Rf6  1/2-1/2

[Event "6th Varna Open"]
[Site "Varna BUL"]
[Date "2012.07.11"]
[Round "1.5"]
[White "Janev,T"]
[Black "Sotirov,Ilia"]
[Result "1-0"]
[WhiteElo "2397"]
[BlackElo "1802"]

1.Nf3 d5 2.g3 Nf6 3.Bg2 g6 4.c4 c6 5.Qc2 Bg7 6.O-O O-O 7.d3 Nbd7 8.Nc3 Re8
9.cxd5 Nxd5 10.Bd2 N7f6 11.Rab1 Qd6 12.a3 a5 13.Na4 e5 14.e4 Nc7 15.Nb6 Ra6
16.Nc4 Qc5 17.Bxa5 Nb5 18.Bb4 Qa7 19.Ncxe5 Rxe5 20.Nxe5 Nd4 21.Qc5  1-0

[Event "Chess House IM 2012"]
[Site "Aarhus DEN"]
[Date "2012.07.12"]
[Round "6.4"]
[White "Semcesen,D"]
[Black "Skytte,R"]
[Result "1/2-1/2"]
[WhiteElo "2464"]
[BlackElo "2401"]

1.Nf3 d5 2.g3 Nf6 3.Bg2 e6 4.c4 Be7 5.O-O c5 6.cxd5 exd5 7.d4 O-O 8.dxc5 Bxc5
9.Bg5 Nc6 10.Nc3 d4 11.Bxf6 Qxf6 12.Nd5 Qf5 13.Nf4 Bb6 14.Nd2 Rd8 15.Rc1 Qb5
16.Qb3 Qxb3 17.Nxb3 g5 18.Nd3 Bg4 19.Rfe1 Re8 20.Kf1 Rac8 21.Nbc5 Ba5 22.Bxc6 Rxc6
23.b4 Bb6 24.Rc4 Bxc5 25.bxc5 Bh3+ 26.Kg1 Rce6 27.Rc2 Bf5 28.Rd2 Bxd3 29.Rxd3 Rxe2
30.Rxe2 Rxe2 31.Rxd4 Rxa2 32.Rb4 Rc2 33.Rxb7 Rxc5  1/2-1/2

[Event "Int Open ch-SVK 2012"]
[Site "Banska Stiavnica SVK"]
[Date "2012.07.12"]
[Round "6.24"]
[White "Vukovic,Ivo"]
[Black "Zatko,G"]
[Result "0-1"]
[WhiteElo "2227"]
[BlackElo "2130"]

1.Nf3 d5 2.g3 c6 3.Bg2 Bg4 4.O-O Nd7 5.d4 e6 6.b3 Ngf6 7.Bb2 h6 8.Nbd2 Be7
9.c4 O-O 10.e3 a5 11.a3 Qb6 12.Re1 Ne4 13.c5 Qc7 14.Qc2 Bf5 15.Nxe4 Bxe4
16.Qd2 b6 17.b4 axb4 18.axb4 bxc5 19.bxc5 Qb7 20.Bc3 Bf6 21.Rec1 Rfb8 22.Ne1 Bxg2
23.Kxg2 Rxa1 24.Rxa1 e5 25.Ra2 exd4 26.exd4 Qb3 27.Rb2 Qc4 28.Rxb8+ Nxb8
29.Nf3 Nd7 30.Ba5 Nf8 31.Qf4 Ne6 32.Qb8+ Kh7 33.Qe8 Qe2 34.Qxf7 Qxf3+  0-1

[Event "FSFMB July 2012"]
[Site "Budapest HUN"]
[Date "2012.07.12"]
[Round "6.3"]
[White "Benyeda,T"]
[Black "Prohaszka,Gyula Imre"]
[Result "1-0"]
[WhiteElo "1623"]
[BlackElo "1260"]

1.Nf3 d5 2.g3 c6 3.Bg2 Bf5 4.d3 e6 5.O-O Nf6 6.Nbd2 Bd6 7.Qe1 O-O 8.e4 dxe4
9.dxe4 Nxe4 10.Nxe4 Bb4 11.Qxb4  1-0

[Event "11th La Fere Open"]
[Site "La Fere FRA"]
[Date "2012.07.12"]
[Round "7.3"]
[White "Feryn,A"]
[Black "Rusev,K"]
[Result "0-1"]
[WhiteElo "2114"]
[BlackElo "2540"]

1.Nf3 d5 2.g3 Nf6 3.Bg2 c6 4.O-O Bf5 5.c4 e6 6.d3 h6 7.b3 Bh7 8.Bb2 Be7 9.Nbd2 O-O
10.Re1 Nbd7 11.Rc1 a5 12.Ne5 Nxe5 13.Bxe5 a4 14.Qc2 Qa5 15.Bb2 Rfd8 16.Red1 Qb6
17.Nb1 axb3 18.axb3 dxc4 19.bxc4 Ng4 20.e4 Bc5 21.Rd2 Ra2 22.Rf1 Qa7 23.Nc3 Ra5
24.h3 Nf6 25.Ne2 e5 26.Bxe5 Bxf2+ 27.Rxf2 Rxe5 28.Qc3 Ra5 29.Nf4 Ra3 30.Qb2 Nd7
31.e5 Nc5 32.d4 Nd3 33.Nxd3 Rxd3 34.Rxd3 Bxd3 35.c5 Bc4 36.Qc3 Be6 37.Kh2 Qa4
38.Rd2 Ra8 39.g4 Ra5 40.Be4 Rb5 41.Bc2 Qc4 42.Qa1 Kf8 43.Be4 Ke7 44.Qa7 Qc3
45.Re2 Rb3 46.Qb8 Qg3+ 47.Kh1 Qxh3+ 48.Kg1 Qxg4+ 49.Rg2 Qd1+ 50.Kh2 Rh3+  0-1

[Event "87th ch-Paris IdF Open"]
[Site "Paris FRA"]
[Date "2012.07.12"]
[Round "6.6"]
[White "Demuth,A"]
[Black "Loiseau,Q"]
[Result "1/2-1/2"]
[WhiteElo "2460"]
[BlackElo "2314"]

1.Nf3 d5 2.g3 Nf6 3.Bg2 c6 4.O-O Bf5 5.d3 h6 6.b3 e6 7.Bb2 Be7 8.Nbd2 O-O
9.c4 Bh7 10.a3 Nbd7 11.b4 a5 12.Bc3 axb4 13.axb4 Qc7 14.Qb3 b5 15.c5  1/2-1/2

[Event "2nd Polugaevsky Mem"]
[Site "Samara RUS"]
[Date "2012.07.12"]
[Round "8.10"]
[White "Maletin,P"]
[Black "Mokshanov,A"]
[Result "1/2-1/2"]
[WhiteElo "2596"]
[BlackElo "2413"]

1.Nf3 d5 2.g3 Nf6 3.Bg2 Bg4 4.c4 c6 5.Ne5 Bf5 6.cxd5 cxd5 7.Nc3 Nc6 8.Nxc6 bxc6
9.O-O e6 10.d3 Be7 11.Na4 c5 12.b3 O-O 13.Ba3 Qa5 14.Rc1 Rac8 15.Qe1 Qb5
16.e4 Bg6 17.Qe3 d4 18.Qe2 Nd7 19.f4 f6 20.Bh3 Bf7 21.Rc2 Rc6 22.Bc1 Ra6
23.Bd2 Nb6 24.Nxb6 axb6 25.e5 f5 26.Rfc1 Ra3 27.Bg2 Be8 28.Rb1 Ra7 29.Rcb2 Ra3
30.Rc2 Ra7 31.Rcb2 Ra3 32.Rc2  1/2-1/2

[Event "Werner-Ott-Open 2012"]
[Site "Berlin GER"]
[Date "2012.07.13"]
[Round "7.4"]
[White "Kohler,T"]
[Black "Jahnz,F"]
[Result "1/2-1/2"]
[WhiteElo "2244"]
[BlackElo "2221"]

1.Nf3 d5 2.g3 Bg4 3.Bg2 Nd7 4.c4 e6 5.cxd5 exd5 6.O-O Ngf6 7.Nc3 c6 8.d3 Bc5
9.Qb3 Nb6 10.h3 Bh5 11.e4 Bxf3 12.Bxf3 O-O 13.Kg2 dxe4 14.dxe4 Qe7 15.Bf4 Nfd7
16.Rad1 Ne5 17.Be2 Rad8 18.Bc1 Rxd1 19.Rxd1 Rd8 20.Rxd8+ Qxd8 21.Qd1 Qxd1
22.Nxd1 Bd4 23.f4 Ned7 24.b3 Kf8 25.Ne3 g6 26.Nc2 Bc5 27.Bd2 Nc8 28.Bg4 Ke7
29.e5 h5 30.Bf3 Nf8 31.b4 Bb6 32.b5 Kd7 33.a4 Ne7 34.Ne3 Bxe3 35.Bxe3 cxb5
36.axb5 a6 37.bxa6 bxa6 38.Be2 Nd5 39.Bd2 Nc7 40.Ba5 Nfe6 41.Kf2 h4 42.f5 hxg3+
43.Kxg3 Nd4 44.e6+ fxe6 45.fxg6 Nxe2+ 46.Kf2 Nd5 47.g7 Ne7 48.Kxe2 Ke8 49.Bb4 Ng8
50.Kd3 Kf7 51.Bc3 Ne7 52.Kc4 Nf5 53.Kc5 Nxg7 54.Kb6  1/2-1/2

[Event "112th ch-SUI 2012"]
[Site "Flims SUI"]
[Date "2012.07.13"]
[Round "2,1"]
[White "Zueger,B"]
[Black "Kosteniuk,A"]
[Result "0-1"]
[WhiteElo "2412"]
[BlackElo "2472"]

1.Nf3 d5 2.g3 Bg4 3.Bg2 Nd7 4.d3 e5 5.h3 Bh5 6.e4 dxe4 7.dxe4 Ngf6 8.Qe2 Bb4+
9.Bd2 Qe7 10.Qb5 Bc5 11.Nh4 O-O-O 12.Nf5 Qf8 13.g4 Bg6 14.Nc3 Nb6 15.Qe2 a6
16.O-O-O Bd4 17.g5 Nfd7 18.Nb1 f6 19.Nxd4 exd4 20.Na3 Qc5 21.h4 Rhe8 22.f4 Bf7
23.Kb1 Na4 24.Rh3 Ndb6 25.Bc1 f5 26.e5 Nd5 27.Ka1 Nb4 28.Qf2 Nxa2 29.Bd2 N2c3
30.Re1 Ne4 31.Rxe4 fxe4 32.Bxe4 Qb6 33.Bc1 Qe6 34.Rb3 Nc5 35.f5 Qxe5  0-1

[Event "34th Oberwart Open A"]
[Site "Oberwart AUT"]
[Date "2012.07.13"]
[Round "7.12"]
[White "Varga,Me"]
[Black "Lizak,P"]
[Result "1/2-1/2"]
[WhiteElo "2222"]
[BlackElo "2438"]

1.Nf3 d5 2.g3 c5 3.Bg2 Nf6 4.c4 d4 5.O-O Nc6 6.e3 e5 7.exd4 exd4 8.d3 Be7
9.Ng5 O-O 10.Ne4 Nd7 11.f4 f5 12.Ned2 Nf6 13.Nf3 Bd6 14.Na3 Re8 15.Nc2 Bd7
16.Bd2 a5 17.b3 h6 18.Re1 Rxe1+ 19.Qxe1 Nb4 20.Bxb4 axb4 21.Ne5 Bc8 22.Nf3 Qb6
23.Nd2 Bd7 24.Qf1 Ra6 25.Qc1 Qc7 26.a3 bxa3 27.Rxa3 Rxa3 28.Qxa3 Bxf4 29.gxf4 Qxf4
30.Nf3 Bc6 31.Nce1 Qe3+ 32.Kf1 Ng4 33.Qb2 Qf4 34.Kg1 g5 35.Qe2 Kf7 36.Nc2 Qc1+
37.Nfe1 Ne3 38.Nxe3 dxe3 39.Bd5+ Bxd5 40.cxd5 Qd2 41.Kf1 f4 42.Nf3 Qc1+ 43.Kg2 Kf6
44.h3 Qb1 45.Nd2 exd2 46.Qe6+ Kg7 47.Qe7+ Kg6 48.Qe6+ Kg7  1/2-1/2

[Event "6th Varna Open"]
[Site "Varna BUL"]
[Date "2012.07.13"]
[Round "3.13"]
[White "Getov,Borislav"]
[Black "Samoun,F"]
[Result "0-1"]
[WhiteElo "1772"]
[BlackElo "2190"]

1.Nf3 d5 2.g3 g6 3.Bg2 Bg7 4.d4 Nf6 5.O-O O-O 6.c3 b6 7.Bg5 Ne4 8.Nbd2 Nxg5
9.Nxg5 e5 10.Ngf3 e4 11.Ne1 Be6 12.e3 Nd7 13.Nc2 f5 14.Rc1 Nf6 15.b3 Qe7
16.Qe2 a5 17.f3 Bc8 18.Rf2 Ba6 19.c4 exf3 20.Bxf3 Rfe8 21.Qe1 c6 22.a4 Bh6
23.Nf1 Qd6 24.c5 Qc7 25.Qd2 Ne4 26.Bxe4 Rxe4 27.Rf3 Rae8 28.Re1 Rb8 29.Qc3 bxc5
30.dxc5 Bg7 31.Nd4 Rb4 32.Rf4 Rxf4 33.gxf4 Bxd4 34.exd4 Qxf4 35.Ng3 Qxd4+
36.Qxd4 Rxd4 37.Re3 f4 38.Re8+ Kf7 39.Ra8 Rd1+ 40.Kg2 Bd3  0-1

[Event "2nd Science Park Open A"]
[Site "Amsterdam NED"]
[Date "2012.07.14"]
[Round "1"]
[White "Overeem,M"]
[Black "Riemersma,L"]
[Result "0-1"]
[WhiteElo "2156"]
[BlackElo "2425"]

1.Nf3 d5 2.g3 Bg4 3.Bg2 Nd7 4.c4 e6 5.cxd5 exd5 6.O-O Ngf6 7.Nc3 c6 8.d3 Bc5
9.Qb3 Qb6 10.Qc2 Qa6 11.Bf4 O-O 12.a3 Rfe8 13.h3 Bh5 14.g4 Bg6 15.Nh4 Nf8
16.Nxg6 Nxg6 17.Bg3 Rad8 18.Rae1 Bd6 19.Bxd6 Rxd6 20.e3 d4 21.exd4 Red8 22.d5 Nf4
23.dxc6 bxc6 24.Re7 Ne6 25.Na4 Kf8 26.Rxe6 fxe6 27.Nc5 Qc8 28.Re1 Re8 29.g5 Nd7
30.d4 Kg8 31.Rxe6 Rdxe6 32.Nxe6 Rxe6 33.Bd5 Nf8  0-1

[Event "16th Godesburg Open"]
[Site "Bad Godesberg GER"]
[Date "2012.07.14"]
[Round "8.21"]
[White "Dungl,M"]
[Black "Mittmann,J"]
[Result "0-1"]
[WhiteElo "1964"]
[BlackElo "2033"]

1.Nf3 d5 2.g3 Nf6 3.Bg2 Bf5 4.d4 e6 5.O-O h6 6.Nbd2 Be7 7.c4 c6 8.b3 O-O
9.Re1 Nbd7 10.h3 Bh7 11.Ne5 Nxe5 12.dxe5 Nd7 13.Bb2 Nc5 14.b4 Nd7 15.Qb3 a5
16.bxa5 Nc5 17.Qd1 Qxa5 18.Nb3 Qa7 19.cxd5 cxd5 20.Bd4 b6 21.f3 Rfd8 22.Bf1 Qa4
23.e3 Rdc8 24.Rc1 Qxa2 25.Nxc5 bxc5 26.Re2 Qa4 27.Qxa4 Rxa4 28.Bc3 Bd3 29.Rb2 Bxf1
30.Kxf1 Rc7 31.Rcc2 Ra3 32.Kf2 h5 33.Bb4 Raa7 34.Bc3 g6 35.Ke2 Kf8 36.Rb1 Ke8
37.Rcb2 Kd7 38.Kd3 Ra3 39.Rb7 Ra2 40.Rxc7+ Kxc7 41.Bb2 Kc6 42.Kc3 c4 43.Ra1 Rxa1
44.Bxa1 Kb5 45.Bb2 Ka4 46.Kc2 Bc5 47.Bc1 Bb4 48.Bb2 Bc5 49.Bc1 Bb6 50.Bd2 Ka3
51.Bc1+ Ka2 52.Bd2 Bc5 53.g4 Ka3 54.Bc1+ Kb4 55.Bd2+ Kb5 56.Bc1 d4 57.exd4 Bxd4
58.Bf4 Kc5 59.Bg3 Kd5 60.f4 Ke4  0-1

[Event "ch-SUI Hauptturnier 1 2012"]
[Site "Flims SUI"]
[Date "2012.07.14"]
[Round "3"]
[White "Bauer,Ch"]
[Black "Gruenenwald,J"]
[Result "1-0"]
[WhiteElo "2681"]
[BlackElo "2319"]

1.Nf3 d5 2.g3 Nf6 3.Bg2 c6 4.O-O Bg4 5.c4 e6 6.d3 dxc4 7.dxc4 Qxd1 8.Rxd1 h6
9.Nc3 Nbd7 10.Bf4 g5 11.Be3 Bc5 12.Bxc5 Nxc5 13.Ne5 Ncd7 14.Rxd7 Nxd7 15.Nxg4 f5
16.Ne3 Ne5 17.b3 Ke7 18.c5 Rad8 19.Rb1 Rd2 20.Kf1 f4 21.Nc4 Nxc4 22.bxc4 Rb8
23.Bxc6 Rc2 24.Ne4 b6 25.f3 Rxa2 26.gxf4 gxf4 27.Kf2 Rc2 28.Ra1 Rxc4 29.Rxa7+ Kf8
30.Nf6  1-0

[Event "Turkish Bank Chess League 2012"]
[Site "Konya TUR"]
[Date "2012.07.14"]
[Round "4"]
[White "Pantsulaia,L"]
[Black "Gunina,V"]
[Result "1/2-1/2"]
[WhiteElo "2557"]
[BlackElo "2533"]

1.Nf3 d5 2.g3 c6 3.c4 dxc4 4.Bg2 Nf6 5.O-O Bf5 6.Na3 e5 7.Nxc4 e4 8.Ng5 h6
9.Nxf7 Kxf7 10.Qb3 Qd5 11.Qxb7+ Nbd7 12.Ne3 Rb8 13.Qxb8 Nxb8 14.Nxd5 cxd5
15.d3 exd3 16.exd3 Bc5 17.Be3 d4 18.b4 dxe3 19.bxc5 Bxd3 20.Rfc1 exf2+ 21.Kxf2 Re8
22.c6 Re2+ 23.Kf3 Nxc6 24.Rxc6 Ne4 25.Rd1 Nd2+ 26.Rxd2 Rxd2 27.Bh3 Rxh2 28.Be6+ Ke7
29.Bb3 a6 30.Ke3 Bb5 31.Rc7+ Kf6 32.a4 Rb2 33.Bd1 Be8 34.Ra7 Rb6 35.Be2 Bxa4
36.Rxa6 Rxa6 37.Bxa6 Kg5 38.Kf2 Bd7 39.Be2  1/2-1/2

[Event "34th Oberwart Open A"]
[Site "Oberwart AUT"]
[Date "2012.07.14"]
[Round "8.33"]
[White "Ruescher,C"]
[Black "Odor,I"]
[Result "1-0"]
[WhiteElo "2014"]
[BlackElo "2103"]

1.Nf3 d5 2.g3 Nf6 3.Bg2 e6 4.O-O Be7 5.d3 O-O 6.Nbd2 b6 7.Ne5 Bb7 8.Qe1 Nbd7
9.Nxd7 Nxd7 10.e4 Bf6 11.f4 Bd4+ 12.Kh1 e5 13.Qe2 b5 14.c3 Bb6 15.fxe5 Nxe5
16.d4 Ng6 17.Qxb5 a5 18.Qb3 a4 19.Qc2 h5 20.e5 Bc8 21.Nf3 c6 22.Bg5 Qd7 23.Rae1 Qg4
24.Qf2 Qe6 25.Ng1 Ba6 26.Bh3 Qe8 27.Ne2 Nxe5 28.Bf5 g6 29.Bc2 Ng4 30.Qf3 Bd8
31.Bd2 Qe6 32.Nf4 Qd6 33.Nd3 Qf6 34.Qg2 Qg7 35.h3 Nf6 36.Rg1 h4 37.Ne5 Bc7
38.gxh4 Ne4 39.Bxe4 Bxe5 40.Bc2 Bf6 41.h5 Rae8 42.hxg6 Rxe1 43.Rxe1 Bh4 44.gxf7+ Kxf7
45.Qxg7+ Kxg7 46.Rg1+ Kf6 47.Bxa4 Bd3 48.Bd1 Ke6 49.Be3 Kd7 50.Kh2 Be4 51.Rg4 Bf2
52.Rf4 Rxf4 53.Bxf4 c5 54.dxc5 Bxc5 55.Be5 Bf2 56.Bg3 Be3 57.a4 d4 58.cxd4 Bxd4
59.b4 Kc6 60.h4 Kb6 61.h5 Bc3 62.Bd6 Be1 63.Kh3 Bf5+ 64.Bg4 Bd3 65.Bd7 Bf1+
66.Kg4 Bd2 67.a5+ Kb7 68.Bf8 Be2+ 69.Kh4 Bd3 70.h6 Kc7 71.Be6 Kd8 72.Bf7 Bc3
73.Kh5 Be2+ 74.Kg5 Bd3 75.Bg6 Bd2+ 76.Kh5 Bxh6 77.Bxh6 Bb5 78.Be4 Kc8 79.Bf4 Be2+
80.Kg5 Bb5 81.Kf5 Bd7+ 82.Ke5 Kb8 83.Kd6 Ba4 84.Kc5+ Ka7 85.Bc7 Bb5 86.Bb6+ Ka6
87.Bf5 Kb7 88.Kxb5 Ka8 89.a6  1-0